Vista normal
Vista MARC
Entrada Personal Name
Número de registros utilizados en: 1
001 - CONTROL NUMBER
- control field: 13716
003 - CONTROL NUMBER IDENTIFIER
- control field: DLC
005 - DATE AND TIME OF LATEST TRANSACTION
- control field: 20230207093540.0
008 - FIXED-LENGTH DATA ELEMENTS
- fixed length control field: 090313n| acannaabn |a aaa c
010 ## - LIBRARY OF CONGRESS CONTROL NUMBER
- LC control number: no2009039211
035 ## - SYSTEM CONTROL NUMBER
- System control number: (OCoLC)oca08044968
040 ## - CATALOGING SOURCE
- Original cataloging agency: MX-SlUA
- Language of cataloging: spa
- Transcribing agency: MX-SlUA
- Modifying agency: Mx-PuUPA
- Description conventions: rda
100 1# - HEADING--PERSONAL NAME
- Personal name: Rodríguez Franco, Jesús,
370 ## - ASSOCIATED PLACE
- Place of birth: México
373 ## - ASSOCIATED GROUP
- Associated group: Universidad Autónoma Metropolitana unidad Xochimilco. Departamento de Política y Cultura
- Associated group: Universidad Nacional Autónoma de México. Facultad de Contaduría y Administración
- Associated group: Academia de Matemáticas en la Facultad de Contaduría y Administración
- Associated group: Comisión Dictaminadora en Matemáticas
374 ## - OCCUPATION
- Occupation: Profesor
- Occupation: Investigador
- Occupation: Autor
375 ## - GENDER
- Gender: Hombre
377 ## - ASSOCIATED LANGUAGE
- Language code: spa
400 1# - SEE FROM TRACING--PERSONAL NAME
- Personal name: Franco, Jesús Rodríguez
670 ## - SOURCE DATA FOUND
- Source citation: Estadística para administración, c2008:
- Information found: t.p. (Jesús Rodríguez Franco)
670 ## - SOURCE DATA FOUND
- Source citation: Matemáticas financieras, 2014.
- Information found: portada (Jesús Rodríguez Franco).
670 ## - SOURCE DATA FOUND
- Source citation: Área Desarrollo de las Matemáticas Aplicadas a las Ciencias Sociales, sitio web, 07 febrero 2023:
- Uniform Resource Identifier: https://mateaplicadas.xoc.uam.mx/jesus-rodriguez-franco/